Loading...
| Fine Arts - Painting & Sculpture | 0 | 10 | 2 | 2 | 90 | 58 | 122.10 | 0 | 2 | 0.00 | 0.00 |
| History - Other | 0 | 5 | 4 | 1 | 30 | 90 | 127.00 | 0 | 0 | 0.00 | 0.00 |
| Philosophy | 0 | 4 | 2 | 1 | 30 | 127 | 142.50 | 0 | 0 | 0.00 | 0.00 |
| Other Academic | 0 | 4 | 2 | 1 | 30 | 107 | 123.50 | 0 | 1 | 0.00 | 0.00 |
| Social Science | 0 | 3 | 1 | 1 | 25 | 98 | 117.67 | 0 | 0 | 0.00 | 0.00 |
| Literature - American | 0 | 3 | 1 | 0 | 25 | 104 | 113.00 | 0 | 0 | 0.00 | 0.00 |
| Literature - European | 0 | 3 | 1 | 0 | 25 | 99 | 127.00 | 0 | 0 | 0.00 | 0.00 |
| Literature - British | 0 | 2 | 0 | 0 | 20 | 94 | 118.00 | 0 | 1 | 0.00 | 0.00 |
| Fine Arts - Other | 0 | 2 | 0 | 0 | 20 | 115 | 127.00 | 0 | 0 | 0.00 | 0.00 |
| Literature - World | 0 | 2 | 0 | 1 | 20 | 126 | 143.00 | 0 | 0 | 0.00 | 0.00 |
| Current Events | 0 | 1 | 0 | 0 | 10 | 80 | 80.00 | 1 | 1 | 0.00 | 0.00 |
| Geography | 0 | 1 | 0 | 0 | 10 | 100 | 100.00 | 0 | 0 | 0.00 | 0.00 |
| Religion | 0 | 2 | 2 | 0 | 10 | 90 | 94.00 | 0 | 0 | 0.00 | 0.00 |
| History - American | 0 | 2 | 2 | 1 | 10 | 96 | 118.50 | 0 | 0 | 0.00 | 0.00 |
| History - World | 0 | 1 | 0 | 0 | 10 | 123 | 123.00 | 0 | 0 | 0.00 | 0.00 |
| Science - Biology | 0 | 1 | 0 | 0 | 10 | 112 | 112.00 | 0 | 0 | 0.00 | 0.00 |
| History - European | 0 | 1 | 1 | 0 | 5 | 68 | 68.00 | 1 | 1 | 0.00 | 0.00 |
| Mythology | 0 | 1 | 2 | 0 | 0 | 143 | 143.00 | 0 | 0 | 0.00 | 0.00 |
| Fine Arts - Classical Music | 0 | 0 | 1 | 0 | -5 | 0.00 | 0 | 0 | 0.00 | 0.00 |